000 01169naa a22003257a 4500
001 BR8502173
003 BR-BrBNA
005 20240918175604.0
007 ta
008 230509b bl.||||| |||| 00| 0 por d
040 _aBR-BrBNA
_bpor
_cBiblioteca Nacional de Agricultura
041 _a(Pt)
072 _aF03
_b3295
_b3575
090 _aF03 BR8502173
100 1 _aCunha, L.H. de S.
100 1 _aBrandao, M.
111 1 _a1. Congresso Brasileiro de Floricultura e Plantas Ornamentais
_cCampinas, SP (Brazil)
_d30 Jun - 4 Jul 1980
245 1 _aArvores ornamentais: 1 - germinacao e desenvolvimento
260 3 _aCampinas, SP (Brasil):
_c1985.
500 _aAnais do 1. Congresso Brasileiro de Floricultura e Plantas Ornamentais Campinas, SP (Brasil): 1985. p. 118-143 (BR8502173-AM)F03
650 _aFLAMBOYANT
650 _aTAMBORIL BRAVO
650 _aAMENDOIM BRAVO
650 _aCAROLINA
650 _aSEMENTE
650 _aGERMINACAO
773 0 _tAnais do 1. Congresso Brasileiro de Floricultura e Plantas Ornamentais
_wF03 BR8502173
_gCampinas, SP (Brasil), 1985. p. 118-143
909 _a202404
_bLucia
_c55
_dLucia Elande
942 _cAM
_2AGRIS
999 _c317361
_d317361